| 000 | 00000nam##2200000za#4500 |
| 001 | 9.649176 |
| 003 | CaOODSP |
| 005 | 20210615113540 |
| 007 | ta |
| 008 | 150407|2003||||xxc||||| f|0| 0 eng|d |
| 020 | |a0-662-35417-6 |
| 040 | |aCaOODSP|beng |
| 043 | |an-cn--- |
| 086 | 1 |aEn49-16/3E |
| 110 | 1 |aCanada.|bEnvironment Canada. |bNational Pollutant Release Inventory. |
| 245 | 10|a2001 national overview -- National Pollutant Release Inventory. Releases |
| 260 | |aOttawa - Ontario : |bEnvironment Canada. |c2003. |
| 300 | |a13p. : |bfigs., tables ; |c28 cm. |
| 500 | |a"Canadian Environmental Protection Act, 1999". |
| 504 | |aBibliography. |
| 520 | 3 |aThis report gives an overview of the National Pollutant Release Inventory (NPRI), including additions and other new information for 2001. It provides data related to on-site releases in the air, in water, and on land; lists the 25 NPRI pollutants released on site in the largest quantities in 2001; and notes which industrial sectors released the largest quantities of NPRI pollutants in 2001. A bibliography provides various government and Web references, as well as contact information for other resource agencies. |
| 563 | |aSoftcover |
| 590 | |a04-06|b2004-02-06 |
| 690 | 07|aEnvironmental protection|2gcpds |
| 690 | 07|aPollution|2gcpds |
| 775 | 08|t2001 compte rendu national -- Inventaire national des rejets de polluants. Rejets |w(CaOODSP)9.682392 |
| 776 | 0#|t2001 national overview – National Pollutant Release Inventory |w(CaOODSP)9.696138 |
| 986 | |aEPS 5/NP/3E |